000 00718nam a22002057a 4500
999 _c26114
_d26114
005 20190305132503.0
010 _aB-285011 , B-214765
020 _a0140294872
_c295.00
020 _a9780140294873
_c295.00
035 _aB-285011 B-214765, B-214762
037 _bUBH (Vender)
082 _aN
100 _aDeshpande, Shashi
245 _aSmall remedies /
_cby Shashi Deshpande
260 _aNew Delhi
_bPenguin Books
_c2000
270 _a11 Community Centre, Panchsheel Park
_bNew Delhi
_e110017
300 _a324p.
_c20cm. (pbk)
942 _2ddc
_cEN
_hN
_mDES